[Event "ICS rated blitz match"]
[Site "207.99.83.229"]
[Date "1999.06.16"]
[Round "?"]
[White "Hossa"]
[Black "Beadle"]
[Result "1-0"]
[WhiteElo "2370"]
[BlackElo "2606"]
[Annotator "Fritz 5.32 (22s)"]
[PlyCount "197"]

1. e4 1... Nc6 {Opening = C68 - 3.Bb5 a6 4.Bc6(dc6 5.0-0 ---)} 2. Nf3 e5 3. Bb5
a6 4. Bxc6 dxc6 5. Nc3 Bc5 6. d3 Nf6 (6... Bg4 7. h3 Be6 8. Qe2 f6 9. Be3 Qd6
10. Bxc5 Qxc5 11. O-O-O O-O-O 12. g4 Ne7 13. Nh4 Kb8 14. Ng2 Qb4 15. f4 c5 16.
f5 Bf7 17. Ne3 Rd6 18. a3 Qd4 19. Nc4 Rdd8 20. h4 Nc6 21. Nd5 Bxd5 22. c3 Bxc4
23. dxc4 Qxd1+ 24. Rxd1 Rxd1+ 25. Kxd1 Rd8+ 26. Kc2 h6 27. Qe3 b6 28. g5 hxg5
29. hxg5 Rh8 30. Qg3 Na5 31. gxf6 gxf6 32. Qg7 Rh2+ 33. Kb1 Nb3 34. Qxf6 Nd2+
35. Kc1 Nxe4 36. Qxe5 Rh1+ 37. Kc2 Nd6 38. f6 Rf1 39. b4 Rf2+ 40. Kd1 Kb7 41.
Ke1 Ra2 42. bxc5 bxc5 43. Qxc5 Rb2 44. Qxd6 cxd6 45. f7 Kc6 46. f8=Q Kc7 47. c5
{1-0 (CZE),K-Tatski,A/Litomysl (Czech Republic) 1995 (47)}) 7. O-O $146 (7. Be3
Qe7 (7... Bd4 8. Bxd4 exd4 9. Ne2 c5 10. Qd2 Qe7 11. Ng3 Be6 12. O-O g6 13. Ng5
O-O-O 14. Rae1 Ng4 15. h3 Ne3 16. fxe3 Qxg5 17. Qf2 h5 18. Qf4 Qe7 19. e5 dxe3
20. Qxe3 Bd5 21. Ne4 Qxe5 22. Qxc5 b6 23. Qc3 Rhe8 24. d4 Qe7 25. Nf6 Be6 26.
d5 Rf8 27. dxe6 fxe6 28. Qc6 Qc5+ 29. Qxc5 bxc5 30. Rxe6 Rd2 31. Rf2 31... Rd1+
{1-0 Warburton,C-Breet,A/NED 1958 (31)}) 8. h3 (8. O-O Bg4 9. h3 Bh5 10. Bxc5
Qxc5 11. Qe2 O-O-O 12. Qe3 Qe7 13. Nh4 Bg6 14. f4 Nd7 15. Nf3 exf4 16. Qxf4 Qb4
17. Rab1 Rhe8 18. a3 Qc5+ 19. Kh1 Nf8 20. Rbe1 Ne6 21. Qe3 Qxe3 22. Rxe3 22...
c5 {Sorokin,M-Zaitsev,I/Protvino-B 1988/1-0 (41)}) 8... Bxe3 9. fxe3 O-O 10.
Qd2 b5 11. Ne2 c5 12. Ng3 c4 13. O-O cxd3 14. cxd3 g6 15. Qc3 Re8 16. Rac1 Qd6
17. Rfd1 Re7 18. Qc5 Bb7 19. Rd2 Rd8 20. b4 Qxc5 21. Rxc5 21... h5 {
Alekhine,A-Rosenberg,R/Paris 1928/1-0 (57)}) 7... Qd6 8. Be3 Bxe3 9. fxe3 9...
O-O $14 (9... Bg4 10. Qe1 $11) 10. Qd2 $11 (10. d4 Ng4 11. Qe2 11... Rd8 $11)
10... Re8 11. Rae1 Bg4 12. Rf2 (12. h3 Bxf3 13. Rxf3 13... Qb4 $11) 12... h6 {
Ueberdeckt g5} 13. Ref1 Rad8 14. Qe1 Qb4 15. b3 Kh8 16. Nh4 Rd6 17. Nf5 Bxf5
18. Rxf5 Ree6 19. Kh1 Re7 20. a4 c5 21. R1f3 Re8 22. Kg1 Ree6 23. Rf1 23... c6
{Kontrolliert b5+d5} 24. Qa1 24... Ng4 $14 (24... b5 25. Nd1 Qd2 26. axb5 axb5
27. R5f2 $14) 25. Nd1 $11 (25. Rxf7 Nxe3 26. R1f2 26... Ng4 $11) 25... Qd2 26.
Rxf7 Qxc2 27. h3 Nf6 28. Nf2 28... Rxd3 $16 (28... Nd7 $5 $11 {
ist bedenkenswert}) 29. Nxd3 Qxd3 30. Rxb7 Qxe3+ 31. Kh1 (31. Kh2 31... Re8 $14
) 31... Qxe4 (31... Nxe4 32. Rf8+ Kh7 33. Rf3 $11) 32. Rb8+ (32. Re1 32... Qf4
$14) 32... Kh7 33. Rd8 33... c4 $14 (33... Nd5 34. Qd1 $11) 34. Re1 Qc2 35.
bxc4 e4 36. Qd4 36... e3 $16 {Ist dieser Freibauer gefaehrlich?} (36... Nh5 37.
Kg1 $11) 37. Qd3+ 37... Qxd3 {Es droht Matt} 38. Rxd3 Re4 39. Rc3 (39. Rexe3 $6
39... Rxc4 40. Ra3 40... Nd5 $14) ({Schlechter scheint} 39. Rdxe3 39... Rxc4
40. Ra3 40... Nd5 $14) 39... Rd4 40. Rexe3 (40. Rcxe3 $6 40... Rxc4 41. Ra3
41... Nd5 $14) 40... Ne4 41. Rc1 41... h5 $18 (41... a5 $5 $16) 42. Kg1 h4 43.
a5 Kg6 (43... Nd2 44. Re5 $18) 44. Kh2 (44. Rb3 Ng3 45. Re1 45... Rxc4 $18)
44... Kg5 45. Rb3 c5 46. Rb6 Rd6 47. Rf1 g6 48. Rf8 Rd1 49. Re6 (49. Rxa6 $2 {
wird widerlegt durch} 49... Ng3 50. Rxg6+ Kxg6 51. Rg8+ Kf5 52. Rxg3 hxg3+ 53.
Kxg3 53... Rd4 $19) 49... Ng3 {Mit der Mattdrohung Rh1} 50. Re5+ Nf5 51. Rxc5 {
Der Freibauer c4 ist ein wichtiges Motiv} 51... Re1 52. Ra8 Kh6 53. Rxf5 (53.
Rc6 {erleichterte Weiss die Gewinnfuehrung} 53... Ng3 54. Rh8+ Kg5 55. Rc5+
55... Nf5 $18) 53... gxf5 54. Rxa6+ Kg5 55. c5 (55. Ra8 $5 {
laesst dem Gegner kaum Chancen} 55... Kf4 $18) 55... Re2 (55... Rc1 56. Rc6 Ra1
57. a6 $18) 56. Ra8 Re6 (56... Re7 {aendert nichts mehr} 57. a6 $18) 57. a6 (
57. Rc8 $5 $142 {und Weiss haette es noch leichter} 57... Ra6 58. c6 58... Kf4
$18) 57... Kf4 58. a7 {Weiss erlangt Initiative} 58... Re7 59. c6 Rc7 60. Kg1
Rg7 61. Kf2 Re7 62. Rh8 (62. Kf1 {damit wuerde Weiss es sich noch erleichtern}
62... Rg7 $18) 62... Rxa7 63. Rxh4+ Ke5 64. Rc4 Rc7 65. Rc5+ Kd6 (65... Ke4 {
nuetzt auch nichts mehr} 66. h4 $18) 66. Rxf5 {
Damit entsteht ein starker Freibauer} (66. Rc2 $5 {gibt noch groesseren Vorteil
} 66... Kd5 $18) 66... Kxc6 67. Rh5 (67. h4 {laesst dem Gegner kaum Chancen}
67... Kd6 $18) 67... Rf7+ 68. Ke3 Re7+ 69. Kf4 Rf7+ 70. Kg4 (70. Ke5 {
erleichterte Weiss die Gewinnfuehrung} 70... Re7+ 71. Kf6 71... Re2 $18) 70...
Kd6 71. g3 Ke6 72. Rh6+ Ke5 73. Rg6 Rd7 74. Rg5+ (74. h4 {
damit wuerde Weiss es sich noch erleichtern} 74... Re7 $18) 74... Ke6 75. Kh4 (
75. h4 {waere im Gewinnsinne praeziser} 75... Kf6 $18) 75... Rh7+ (75... Kf6
76. Kh5 $18) 76. Rh5 Rc7 77. Kg5 (77. Rh6+ {ginge schneller} 77... Ke5 $18)
77... Rc5+ (77... Rg7+ 78. Kf4 $18) 78. Kg6 Rc8 79. g4 Rg8+ (79... Rb8 80. Rh7
$18) 80. Kh7 Rd8 81. h4 (81. Rg5 {gibt noch groesseren Vorteil} 81... Rd3 82.
h4 82... Kf6 $18) 81... Rd4 (81... Rd7+ {macht keinen grossen Unterschied} 82.
Kg6 $18) 82. Rg5 Kf6 83. Rg7 {Weiss plant g5} 83... Ke5 84. h5 Kf4 85. g5 Kf5
86. h6 Rd6 (86... Rh4 {aendert den traurigen Lauf der Dinge nicht} 87. Rg8 $18)
87. g6 Kg5 88. Rc7 Re6 89. Rd7 Rxg6 90. Rd5+ Kf6 91. Rd6+ Ke5 (91... Ke7 {
aendert nichts am Ausgang der Partie} 92. Rxg6 Kf7 93. Ra6 Ke7 94. Kg6 Kd7 95.
h7 Kc7 96. h8=Q Kb7 97. Rf6 Kc7 98. Qg7+ Kd8 99. Rf8#) 92. Rxg6 Ke4 93. Kg8 (
93. Kg7 Kd5 94. h7 Ke5 95. h8=Q Kd5 96. Qh5+ Kd4 97. Rg4+ Ke3 98. Qh3+ Ke2 99.
Rg2+ Ke1 100. Qh1#) 93... Ke5 (93... Kf5 {aendert nichts mehr} 94. Kf7 Ke5 95.
h7 Ke4 96. h8=Q Ke3 97. Rg3+ Kf4 98. Qh4+ Ke5 99. Rd3 Kf5 100. Rd5#) 94. h7 Ke4
(94... Kf4 {waere gleichermassen fruchtlos} 95. h8=Q Ke3 96. Qe5+ Kd3 97. Rg3+
Kc4 98. Rc3+ Kb4 99. Qc5+ Ka4 100. Ra3#) 95. h8=Q Kd3 (95... Kd5 {
kann das Vorangegangene nicht ungeschehen machen} 96. Qh5+ Ke4 97. Rg4+ Kd3 98.
Qh3+ Ke2 99. Rg2+ Ke1 100. Qh1#) 96. Qh4 Kc2 97. Qh3 Kc1 (97... Kd2 {
hilft auch nicht mehr} 98. Rg2+ Ke1 99. Qh1#) 98. Qh2 Kd1 99. Rg1# 1-0

[Event "ICS rated blitz match"]
[Site "207.99.83.229"]
[Date "1999.06.16"]
[Round "?"]
[White "bookbuilder"]
[Black "Hossa"]
[Result "1-0"]
[WhiteElo "2692"]
[BlackElo "2395"]
[Annotator "Fritz 5.32 (22s)"]
[PlyCount "82"]

1. e4 1... e5 {Opening = C50 - 3.Bc4(Bc5 4.---)} 2. Nf3 Nc6 3. Bc4 Bc5 4. d3
Nf6 5. Nc3 O-O 6. O-O d6 7. Na4 (7. Bg5 7... h6 {
- Alexandre,J-Quadrio,A/Masters B, Lisbon POR (9) 1996 (7)} (7... h6 8. Bxf6
Qxf6 9. Nd5 Qd8 10. c3 Ne7 11. Ne3 c6 12. d4 Bb6 13. Qe2 Ng6 14. Rfd1 Qf6 15.
Ne1 Nf4 16. Qf3 Qg5 17. g3 Be6 18. b3 Nh3+ 19. Kh1 Bd8 20. d5 Bd7 21. dxc6 bxc6
22. Rxd6 Be8 23. Kg2 Nf4+ 24. Kh1 Nh3 25. b4 Be7 26. Rd3 Qg6 27. Rdd1 Ng5 28.
Qg2 Nxe4 29. Bd3 f5 30. f3 Nxc3 31. Rdc1 Bxb4 32. Rab1 Nxa2 33. Bc4+ Bf7 34.
Bxf7+ Qxf7 35. Rc2 Bxe1 36. Rxe1 Nb4 37. Rc4 a5 38. g4 f4 39. Nf5 Qxc4 40. Re4
Qc1+ 41. Qg1 Qxg1+ 42. Kxg1 {Althoff,K-Dieke,A/Guben 1996/0-1 (69)})) 7... Bb4
$146 (7... Nd7 8. Nxc5 Nxc5 9. Bg5 Qe8 10. Qd2 Ne6 11. Be3 f5 12. exf5 Rxf5 13.
Ng5 Kh8 14. Ne4 Bd7 15. f3 Nf4 16. Ng3 Rf8 17. Bxf4 Rxf4 18. Ne2 Rh4 19. Qe1
Rh6 20. Qf2 Qh5 21. h3 Qg6 22. Ng3 Nd4 23. Bd5 Qxg3 24. Qxg3 Ne2+ 25. Kf2 Nxg3
26. Kxg3 c6 27. Bb3 Rf8 28. Rfe1 Rhf6 29. c3 h6 30. d4 Rg6+ 31. Kf2 Rg5 32. h4
Rh5 33. Rad1 Bc8 34. dxe5 dxe5 35. Rd6 Rhf5 36. Rd3 Re8 37. Rde3 Re7 38. g3 b6
39. f4 g5 40. Rxe5 Rexe5 41. Rxe5 Rxe5 42. fxe5 {
Excellence 4 mhz-Chessmaster 2000 A/DatormOte (7) 1988/1-0 (58)}) 8. a3 Ba5 9.
b4 Bb6 10. c3 {Verwehrt dem Gegner d4} 10... Be6 11. Bb5 Bd7 12. Bg5 Qe7 13.
Re1 h6 14. Bh4 Kh8 15. Nxb6 axb6 16. d4 Bg4 17. Qd3 exd4 (17... Na7 18. Bc4 $14
) 18. Bxc6 {Weiss erhaelt Koenigsangriff} 18... bxc6 19. e5 $1 {
zementiert den Vorteil} (19. Qxd4 $6 19... Bxf3 20. gxf3 20... Rg8 $11) 19...
dxe5 20. Nxe5 Be6 21. cxd4 Rfe8 22. Rac1 22... c5 $18 (22... g5 $5 23. Nxc6
23... Qf8 $16) 23. bxc5 $16 (23. d5 Rad8 24. dxe6 Rxd3 25. exf7 Qxe5 26. Rxe5
Rf8 27. Bxf6 27... gxf6 $16) 23... g5 24. Bg3 24... Nd5 $2 $18 (24... Qf8 $16
$142) 25. Ng6+ $1 {und der Wal spuckt Jonas wieder aus} 25... fxg6 26. Qxg6 Nf6
27. Qxh6+ Kg8 28. cxb6 {Vom Freibauern a3 wird noch die Rede sein} (28. Qxg5+
Qg7 29. Qxg7+ Kxg7 30. Bxc7 bxc5 31. dxc5 31... Rxa3 $16) 28... Qg7 29. Qxg7+
Kxg7 30. b7 {Der Freibauer b7 fuehrt schnell zu Drohungen} 30... Rab8 (30...
Rxa3 {holt die Kuh nicht vom Eis} 31. Rxe6 Rb3 32. Rec6 Rxb7 33. Be5 (33. Rxc7+
$143 33... Rxc7 34. Rxc7+ 34... Kg6 $18) (33. Bxc7 $143 33... Kf7 $18) 33...
Rxe5 34. dxe5 $18) 31. Rxc7+ {
Der Freibauer d4 wird schnell zu einer gefaehrlichen Waffe} 31... Kg8 (31...
Kg6 {waere gleichermassen fruchtlos} 32. f3 $18) 32. h3 Bxh3 (32... Bd5 {
aendert nichts am Ausgang der Partie} 33. Rxe8+ Nxe8 34. Rc5 Rxb7 35. Rxd5 $18)
33. Rxe8+ $1 {glaenzend gespielt} (33. gxh3 Rxe1+ 34. Kg2 34... Ne8 $16) 33...
Rxe8 34. gxh3 Re1+ 35. Kg2 {Droht Matt} 35... Rb1 36. Be5 Ne4 (36... Nd5 {
aendert den traurigen Lauf der Dinge nicht} 37. Rd7 $18) 37. Rd7 Nd2 (37... Kf8
{hilft allerdings auch nicht} 38. b8=Q+ Rxb8 39. Bxb8 $18) 38. b8=Q+ (38. Rg7+
{ist genauer} 38... Kh8 39. b8=Q+ Rxb8 40. Rxg5+ Kh7 41. Bxb8 41... Ne4 $18)
38... Rxb8 39. Bxb8 Nb1 (39... Kf8 {
kann das Vorangegangene nicht ungeschehen machen} 40. a4 Nc4 41. Ra7 $18) 40.
a4 Nd2 41. a5 {Mit der Mattdrohung a6} 41... Nc4 1-0

[Event "ICS Rated blitz match"]
[Site "207.99.83.229"]
[Date "1999.06.16"]
[Round "?"]
[White "SUPERCAR"]
[Black "Hossa"]
[Result "0-1"]
[WhiteElo "2057"]
[BlackElo "2390"]
[Annotator "Fritz 5.32 (22s)"]
[PlyCount "80"]

1. d4 1... d5 {Opening = D00 -(2.Nc3 Nf6 3.---)} 2. e3 Bf5 3. Bd3 Bxd3 4. cxd3
e6 5. Nc3 Qg5 6. Qf3 6... Qg6 $146 (6... Nc6 7. e4 Qd8 8. Nge2 dxe4 9. dxe4
Nxd4 10. Nxd4 Qxd4 11. O-O $15) 7. e4 Nc6 8. Nge2 (8. exd5 $4 {
Weiss schlaegt einen vergifteten Bauern} 8... Nxd4 9. Qd1 Qxg2 10. Qa4+ c6 11.
dxc6 bxc6 (11... Nxc6 $6 12. Qe4 Qg6 13. Qxg6 hxg6 14. Be3 $19) (11... Qxc6 $6
12. Qxc6+ bxc6 13. Kd1 $19) 12. Qxd4 12... Qxh1 $19) 8... dxe4 9. dxe4 O-O-O
10. Be3 Bb4 11. O-O 11... Bxc3 $14 {Wird d4 fallen?} (11... Nf6 12. Rfd1 $11)
12. bxc3 {Staerkt b4} 12... Nf6 13. e5 {Weiss erobert Raum} 13... Nd7 14. Nf4
Qf5 15. Qe2 15... g5 $4 $18 (15... Ne7 $14 $142 {ist gerade noch spielbar}) 16.
Nd3 $4 $14 {und raufte sich die Haare} (16. g4 $142 {
und Weiss ist direkt am Ziel} 16... Nxd4 17. cxd4 $18 (17. gxf5 $6 17... Nxe2+
18. Nxe2 18... exf5 $16)) 16... Rhf8 17. Rab1 Rg8 18. Qb2 {Es droht Matt} 18...
Na5 (18... Nb6 19. Nc5 $14) 19. Rfd1 Nb6 20. Nc5 Nac4 (20... Qg4 21. Re1 $14)
21. Qb4 $14 (21. Qe2 Nxe3 22. fxe3 22... g4 $16) 21... Qg4 $16 (21... f6 22.
Rf1 $14) 22. a4 22... Nxe5 $2 $18 (22... a5 $142 23. Qb3 23... f6 $16) 23. a5
Nf3+ 24. Kh1 Nh4 (24... Rg6 25. gxf3 (25. axb6 $6 25... Rh6 26. gxf3 Qxf3+ 27.
Kg1 Qg4+ 28. Kf1 28... Rxh2 $18) 25... Qxf3+ 26. Kg1 Qg4+ 27. Kf1 $18) 25. Rg1
Nf5 26. axb6 (26. Ra1 Rg6 (26... Nxe3 $4 {waere ein grober Fehler} 27. fxe3 Rg6
28. axb6 $18) 27. axb6 27... Rh6 $11) 26... cxb6 27. Na4 (27. Rb2 Nd6 28. Nb3
28... h6 $18) 27... Rd7 (27... Kb8 28. Nb2 $18) 28. Ra1 Ne7 29. Nxb6+ axb6 30.
Qxb6 {Es droht Matt.} 30... Rc7 (30... Kb8 $18) 31. Rgb1 (31. Qd6 $142 {
waere im Gewinnsinne praeziser} 31... Nc6 32. Ra8+ 32... Nb8 $18) 31... Kd7 32.
Ra7 (32. Qb5+ Kd6 33. c4 33... Nc8 $18) 32... Nd5 33. Qb5+ Ke7 34. Rxb7 {
c3 setzt sich schnell in Bewegung} 34... Rxb7 35. Qxb7+ Kf6 36. c4 Nc3 37. Re1
Ne4 38. d5 Nd6 39. Bd4+ $4 $19 {wild schwanken die Waagschalen...} (39. Qd7
$142 {und die Waage neigt sich zugunsten von Weiss} 39... Nf5 40. dxe6 fxe6 41.
Bc1 $18 (41. Qxh7 $6 41... Rg7 42. Qh8 42... Qxc4 $18)) 39... Qxd4 40. Qc7 (40.
Qb1 Ra8 41. h3 $19) 40... Ne4 {Droht Matt: Nxf2} (40... Ne4 41. Rf1 exd5 42.
cxd5 42... Kg7 $19 (42... Nxf2+ $6 {ist deutlich schlechter} 43. Kg1 $15)) (
40... Nxc4 $6 41. dxe6 Ne5 42. exf7 Nxf7 43. h3 $19) 0-1

[Event "ICS rated blitz match"]
[Site "207.99.83.229"]
[Date "1999.06.16"]
[Round "?"]
[White "Hossa"]
[Black "toli"]
[Result "1-0"]
[WhiteElo "2394"]
[BlackElo "2032"]
[Annotator "Fritz 5.32 (22s)"]
[PlyCount "79"]

1. e4 1... e6 {Opening = C14 - 5.e5 Nfd7 6.Be7 Qe7} 2. d4 d5 3. Nc3 Nf6 4. Bg5
Be7 5. e5 Nfd7 6. Bxe7 Qxe7 7. Qh5 a6 (7... Nc6 8. O-O-O Nb6 9. f4 Bd7 10. Qg5
O-O-O 11. Qxe7 Nxe7 12. b3 Kb8 13. Kb2 Rc8 14. Nb1 c5 15. c3 a5 16. Nf3 c4 17.
h4 Nf5 18. Re1 cxb3 19. axb3 a4 20. b4 Ng3 21. Rh3 Nxf1 22. Rxf1 Nc4+ 23. Ka2
b5 24. Nfd2 Nb6 25. Na3 f5 26. exf6 gxf6 27. Re3 Rhg8 28. g3 Rce8 29. Rfe1 Kc7
30. Rg1 Kd6 31. g4 e5 32. fxe5+ fxe5 33. Nf3 e4 34. Ne5 Ref8 35. Re2 Rf4 36.
Reg2 Rgf8 37. h5 Rf2+ 38. Kb1 e3 39. Nc2 Rf1+ 40. Rxf1 Rxf1+ 41. Kb2 Rf2 42.
Rg3 {Kristensen,B-Bromann,T/5th Nordic GP, Torshavn FAI 1997/ - (66)}) 8. O-O-O
$146 (8. Nf3 c5 9. dxc5 Nc6 10. O-O-O Nxc5 11. Bd3 Bd7 12. Rhe1 O-O-O 13. Kb1
Kb8 14. Ne2 Rc8 15. Ned4 Nxd3 16. Rxd3 Na5 17. Qg5 Qf8 18. Qf4 h6 19. Nd2 Rc7
20. Rf3 Bc8 21. c3 Qe7 22. h4 22... b5 {
Fuderer A-Guimard C E/It, Amsterdam 1954/ - (57)}) (8. f4 c5 9. Nf3 Nc6 10.
O-O-O cxd4 11. Nxd4 Nb6 12. Nf3 Bd7 13. Qg4 O-O 14. Bd3 f5 15. Qg3 Rac8 16. Qf2
Qb4 17. Qd2 d4 18. Ne2 Qa4 19. Kb1 Nd5 20. b3 Qa3 21. c4 dxc3 22. Nxc3 22...
Ncb4 {Mateo Ramon-Korchnoi Viktor/Olympiad, Salonika (Greece) 1988/0-1 (36)})
8... O-O 9. Bd3 $11 (9. f4 9... c5 $11) 9... f5 $14 (9... g6 10. Qh6 c5 11. f4
$15) 10. Nf3 $11 (10. exf6 Nxf6 11. Qh4 11... Qb4 $14) 10... c5 {
Greift die Basis der Bauernkette an} 11. dxc5 Nxc5 12. Ng5 {Droht Matt} 12...
g6 13. Qh6 Nc6 14. Rhe1 $15 (14. f4 $5 $11) 14... Nb4 $14 (14... d4 $5 {
kam sehr in Betracht} 15. Nb1 15... Nb4 $15) 15. Be2 15... Bd7 $16 (15... Rd8
$5 $14 {ist vielleicht staerker}) 16. Rd4 Ne4 17. Rxb4 ({Nachteilig ist} 17.
Ngxe4 17... fxe4 18. f4 18... Qc5 $15) 17... Qxg5+ 18. Qxg5 Nxg5 19. Rxb7 Rfd8
20. f3 $16 (20. f4 20... Nf7 $18) 20... Bc6 $2 $18 (20... d4 $5 $142 21. Nb1
21... Nf7 $18) 21. Rb6 Rdc8 22. Bxa6 Rc7 23. Rxc6 (23. f4 $5 {
laesst dem Gegner kaum Chancen} 23... Nf7 $18) 23... Rxc6 24. Bb7 Rac8 (24...
Rxc3 25. Bxa8 (25. bxc3 $6 25... Rxa2 26. Kd2 26... Nf7 $16) 25... Rc8 26. Bb7
$18) 25. Bxc6 Rxc6 26. Kd2 f4 (26... Rb6 27. b3 $18) 27. Ne2 Nf7 (27... Ra6 28.
a3 $18) 28. Nxf4 Kf8 29. Nd3 Ke7 (29... Ra6 {macht keinen grossen Unterschied}
30. Ra1 $18) 30. h4 (30. a4 $5 {ginge schneller} 30... Nh6 $18) 30... Ra6 31.
Ra1 Ra5 (31... Ra4 {hilft auch nicht mehr} 32. b4 $18) 32. f4 (32. a4 {
und Weiss haette es noch leichter} 32... d4 33. b4 33... Ra8 $18) 32... Nh6 33.
Nb4 (33. a4 $5 {ist genauer} 33... Nf5 $18) 33... Kd7 34. Rh1 Nf5 35. Rh3 Kc7 (
35... h5 36. Kd3 $18) 36. g4 {Weiss bereitet h5 vor} 36... Ne7 (36... Nh6 37.
Rg3 $18) 37. h5 Kb6 38. Rb3 (38. hxg6 {gibt noch groesseren Vorteil} 38... hxg6
39. Rh7 39... Ra7 $18) 38... Kc5 39. Nd3+ Kc4 (39... Kc6 {ist noch eine Idee}
40. hxg6 hxg6 41. Rc3+ 41... Kb6 $18) 40. Rb4# 1-0

[Event "ICS Rated standard match"]
[Site "207.99.83.229"]
[Date "1999.06.16"]
[Round "?"]
[White "Hossa"]
[Black "ComputerMan"]
[Result "1/2-1/2"]
[WhiteElo "2222"]
[BlackElo "2445"]
[Annotator "Fritz 5.32 (22s)"]
[PlyCount "46"]

1. e4 1... e5 {Opening = C50 - 3.Bc4(Bc5 4.---)} 2. Nf3 Nc6 3. Bc4 Bc5 4. d3
Nf6 5. Nc3 d6 6. O-O O-O 7. Bg5 Bg4 8. Nd5 Nd4 9. Nxf6+ gxf6 10. Bh6 Re8 11. c3
Nxf3+ 12. gxf3 Bh3 13. Kh1 Bxf1 14. Qxf1 Kh8 15. Qg1 Rg8 16. Bxf7 $146 (16. Qd1
Qd7 17. Qe2 Qh3 18. Rg1 Qxh6 19. Bxf7 Rxg1+ 20. Kxg1 Qg7+ 21. Kf1 Qxf7 22. Ke1
Rg8 23. b4 Bb6 24. a3 {0-1 Ballo,P-Mucha,F/DEM U11 Pinneberg 1996 (24)}) 16...
Qd7 17. Bxg8 Rxg8 18. Qf1 Qf7 19. Be3 19... Qh5 {Es droht Matt} 20. Qe2 20...
Qg6 {Droht Matt} 21. Qf1 21... Qh5 {Droht Matt: Qxf3} 22. Qe2 22... Qg6 {
Mit der Mattdrohung Qg2} 23. Qf1 23... Qh5 {Droht Matt: Qxf3} 1/2-1/2

[Event "ICS rated blitz match"]
[Site "207.99.83.229"]
[Date "1999.06.16"]
[Round "?"]
[White "PostModernist"]
[Black "Hossa"]
[Result "1-0"]
[WhiteElo "2500"]
[BlackElo "2398"]
[Annotator "Fritz 5.32 (22s)"]
[PlyCount "112"]

1. d4 1... d5 {Opening = D31 - 3.Nc3 --} 2. c4 c6 3. Nc3 e6 4. Nf3 dxc4 5. a4
Bb4 6. e3 Bxc3+ (6... b5 7. Bd2 a5 8. axb5 Bxc3 9. Bxc3 cxb5 10. b3 Bb7 11.
bxc4 (11. d5 Nf6 12. bxc4 b4 13. Bxf6 Qxf6 14. Qa4+ Nd7 15. Nd4 e5 16. Nb3 Ke7
17. Be2 Rhc8 18. O-O Nc5 19. Nxc5 Rxc5 20. Rad1 Kf8 21. f4 Rd8 22. Kh1 Kg8 23.
Bd3 e4 24. Bxe4 Rxc4 25. Bd3 Rc5 26. e4 Qc3 27. Bb5 f5 28. Qxa5 Rf8 29. Qb6 Ba8
30. Bd7 fxe4 31. Qd6 Rcc8 32. Bxc8 Qxc8 33. Qxb4 {
1-0 Nikolaidis,I-Mastrovasilis,D/Athens GRE 1998 (33)}) 11... b4 12. Bb2 Nf6
13. Bd3 O-O 14. O-O Nbd7 15. Re1 Re8 16. c5 Qc7 17. e4 e5 18. Rc1 a4 19. c6
Bxc6 20. d5 a3 21. dxc6 {
Atalik,S-Mikhaletz,L/FSGM Feb, Budapest HUN 1998/1-0 (40)}) 7. bxc3 7... Qd5
$146 (7... b5 8. Ne5 Nf6 9. axb5 cxb5 10. Qf3 Qd5 11. Qg3 O-O 12. f3 Nh5 13.
Qh4 g6 14. g4 Ng7 15. e4 Qd8 16. g5 h5 17. Rb1 Qa5 18. Bd2 a6 19. Be2 Nd7 20.
Nxd7 Bxd7 21. O-O Bc6 22. Rfc1 Qd8 23. Qf2 Ne8 24. Bf1 f5 25. gxf6 Qxf6 26. Qg3
Ra7 27. Be2 h4 28. Qg4 {0-1 Nyberg,C-Frometa,Z/Novi Sad 1990 (28)}) 8. a5 8...
Ne7 $14 (8... Nd7 9. Nd2 Ngf6 10. Qe2 $11) 9. Ra4 Qd8 10. Bxc4 c5 11. dxc5
11... Qxd1+ $16 (11... Bd7 12. a6 bxa6 13. Ra2 $14) 12. Kxd1 12... a6 {
Sichert b5} 13. e4 13... O-O $16 (13... Bd7 14. Ra2 $14) 14. Bg5 Nec6 15. Nd4
Bd7 16. Ra2 Re8 17. Bb3 (17. Re1 h6 18. Bh4 18... Ne5 $14) 17... h6 18. Bh4 Ne5
(18... e5 19. Nxc6 Bxc6 20. f3 $16) 19. Rd2 Rc8 20. Be7 Nec6 21. Nxc6 21...
Bxc6 {c5 ist sicher gestoppt} 22. f3 22... Nd7 $16 (22... Be8 $5 $14 {
muss beachtet werden}) 23. h3 Re8 24. Bd6 Rad8 25. g4 Nf6 26. Ke2 Kh8 27. Rhd1
Bb5+ 28. Kf2 Rc8 29. c4 Bc6 30. h4 Nd7 31. e5 (31. Bc2 31... e5 $18) 31... Rg8
$18 (31... g5 $5 $16) 32. h5 Ra8 33. f4 Rge8 34. Bc2 Rac8 35. g5 hxg5 36. fxg5
Kg8 (36... Nf8 37. Ke3 $18) 37. Rd4 (37. Ke3 37... Ra8 $18) 37... Kh8 (37...
Nf8 38. Rf1 $18) 38. Rf4 f5 39. exf6 gxf6 40. gxf6 40... e5 {
Der Freibauer f6 greift sofort ein} 41. Rf5 Rg8 42. Bd3 Rg2+ 43. Ke3 (43. Ke1 {
waere im Gewinnsinne praeziser} 43... e4 44. Bf1 44... Ra2 $18) 43... Rg3+ (
43... Rcg8 44. Bxe5 Nxe5 45. Rxe5 R8g3+ 46. Kd4 $18) 44. Kd2 Rg2+ 45. Be2 Be4
46. Rff1 Kh7 (46... Bc2 {waere gleichermassen fruchtlos} 47. Kxc2 Rxe2+ 48. Kc3
$18) 47. Be7 (47. f7 {damit wuerde Weiss es sich noch erleichtern} 47... Kg7
$18) 47... Rb8 (47... Bc6 48. f7 Nf8 49. Rg1 $18) 48. f7 Nf8 49. Bd6 Rc8 (49...
Rd8 {aendert den traurigen Lauf der Dinge nicht} 50. Ke3 Bc2 51. Rd2 Rg3+ 52.
Bf3 $18) 50. Ke3 ({Weniger gut ist} 50. Bxe5 50... Rxc5 51. Bd6 Rxc4 52. Bxf8
Rc2+ 53. Ke3 Rcxe2+ 54. Kd4 54... Rg4 $18) 50... Kh6 51. Rg1 Bc6 (51... Nd7 {
hilft auch nicht mehr} 52. Rxg2 $1 {die Pointe} 52... Bxg2 53. Rg1 $18) 52.
Rxg2 Bxg2 53. Rg1 Kg7 54. Rxg2+ Kxf7 55. h6 {Mit der Mattdrohung Rg7} 55... Ng6
(55... Ne6 56. Ke4 Kf6 57. Bxe5+ Ke7 58. h7 Nxc5+ 59. Kd4 Ne6+ 60. Ke3 $18) 56.
Bh5 {Mit der Mattdrohung Rxg6} 56... Kf6 1-0